000 01075cam a22002174a 4500
005 20250605164051.0
008 250528s ||||||||||||||||||||||||d
035 _a17294
020 _a33347385
040 _aGR-AtMCL
_bgre
_dGR-AtMCL
_eAACR2
245 1 _aThe Politics of Leisure Policy / Public Policy and Politics
250 _a1st
260 _c1993
300 _a238
520 _aA systematic account of the impact of social, economic and cultural change on demand for leisure and of the response of politicians, professionals and service providers. Preface, The Politics of Leisure and Policy, Political Ideology and Central Government Leisure Policy, Leisure and the State and Policy in Modern Britain, Local Government and Leisure Policy: The Heritage of Thatcherism, The Leisure Professionals, The Commercial and Voluntary Sectors, Leisure Policy and Post-Fordism and Local Government, Guide to Further Reading, References, Index.
700 1 _aHenry Ian P
_93450
700 1 _aMacmillan
_9736
942 _cBK
999 _c2722
_d2722